[Event "EU-Cup 28th"]
[Site "Eilat"]
[Date "2012.10.11"]
[Round "1.2"]
[White "Volokitin, Andrei"]
[Black "Mamedyarov, Shakhriyar"]
[Result "1-0"]
[WhiteElo "2724"]
[BlackElo "2748"]
[Annotator "Volokitin,A"]
[PlyCount "67"]
[EventDate "2012.10.11"]
[EventType "team-swiss"]
[EventRounds "7"]
[EventCountry "ISR"]
[SourceTitle "CBM 151"]
[Source "ChessBase"]
[SourceDate "2012.11.13"]
[SourceVersion "1"]
[SourceVersionDate "2012.11.13"]
[SourceQuality "1"]
[WhiteTeam "Ashdod"]
[BlackTeam "SOCAR"]
[WhiteTeamCountry "ISR"]
[BlackTeamCountry "AZE"]

{This year in the European Cup for teams there was a strange pairing system.
Our team "Ashdod" had to meet the ratings favourites "Socar" in the very first
round.  In diesem Jahr gab es beim Europapokal der Vereinsmannschaften ein
seltsames System der Paarungen. Unsere Mannschaft "Ashdod" hat so schon in der
ersten Runde gegen den Ratingfavoriten "Socar" gespielt.} 1. e4 c5 {A surprise
for me. Recently Shakhriyar has been playing 1...c6 and 1...e5.  Eine
Überraschung für mich, in letzter Zeit spielte Shakhriyar 1...c6 und 1...e5.}
2. Nf3 d6 3. d4 cxd4 4. Nxd4 Nf6 5. Nc3 a6 {Till then my opponent had played
the Najdorf about 10 times.  "Najdorf" spielte mein Gegner bisher etwa 10 Mal.}
6. Be3 {Here I thought for 7 minutes. Hier habe ich 7 Minuten nachgedacht.} Ng4
7. Bc1 Nf6 8. Bg5 {The second attempt! Der zweite Versuch!} Nbd7 {With this
move Shakh selectes a "winning variation".  Shakh wählt damit eine
"Gewinnvariante" aus.} 9. Qe2 e6 ({The game Motylev-Wojtaszek from Poikovsky
2012 continued In der Partie Motylev-Wojtaszek aus Poikovsky 2012 folgte} 9...
h6 $5 10. Bxf6 Nxf6 11. O-O-O e5 12. Nf5 g6 13. Ne3 Be6 14. g3 Rc8 15. Ncd5
Nxd5 16. Nxd5 h5 17. h4 Rc5 {and Black had no problems. I must say that 9...h6
is very interesting for Black. und Schwarz hatte keine Probleme. Ich muss
sagen, dass 9...h6 sehr interessant für Schwarz ist.}) ({My game against Al
Sayed in the Istanbul-Olympiad continued In meiner Partie gegen Al Sayed aus
der Istanbul-Olympiad folgte} 9... b5 10. Nd5 Bb7 11. Bxf6 Nxf6 12. Nxf6+ exf6
13. a4 bxa4 14. Rxa4 $1 $14 {White was somewhat better. Weiß stand etwas
besser.}) 10. O-O-O Qc7 11. f4 b5 {Now we have ended up in the variation 6...
e6 7.f4 Nbd7 8.Qe2.  Jetzt sind wir zur Variante 6...e6 7.f4 Nbd7 8.Qe2
gelangt.} 12. f5 ({The main move is Der Hauptzug ist} 12. a3) 12... b4 $6 ({
In my opinion, Meiner Meinung nach ist} 12... e5 $1 {is stronger than the move
in the game. stärker als der Partiezug.} 13. Nd5 Nxd5 14. exd5 {This is the
main variation. Das ist die Hauptvariante.}) 13. fxe6 bxc3 14. exd7+ Nxd7 ({
After Nach} 14... Bxd7 15. Qc4 $1 cxb2+ 16. Kb1 Qxc4 17. Bxc4 Be7 18. Rhe1 $14
{White has the better endgame. TThe main idea is Nf5. besitzt Weiß das bessere
Endspiel. Die Hauptidee ist Nf5.}) 15. Qc4 $1 cxb2+ 16. Kb1 Nc5 {Instead of an
endgame Black wants to keep the queens on the board.  Statt des Endspiels will
Schwarz die Damen auf dem Brett halten.} 17. e5 {Too soon. During the game I
could not remember my analysis, all I remembered was the evaluation of the
variation as better for White, but not the specific moves. Zu früh. Während
der Partie erinnerte ich mich nicht an meine Analyse, ich erinnerte mich nur
an die Beurteilung der Variante als besser für Weiß, aber nicht die konkreten
Züge.} ({The best move is Der beste Zug ist} 17. Be2 $1 {White develops his
pieces, while on the other hand Black cannot bring his bishop to e7. Weiß
entwickelt seine Figuren, während Schwarz nicht im Gegenzug seinen Läufer auf
e7 entwickeln kann.} Be7 $2 (17... h6 18. Bh4 $14) (17... Ra7 18. Rhf1 Ne6 19.
Bh4 $14) 18. Bxe7 Qxe7 19. e5 $1 $16 {So, after the quiet move 17.Be2 White
has a clear advantage. Also, nach dem ruhigen Zug 17.Be2 verfügt Weiß über
klaren Vorteil.}) 17... Rb8 $1 {The strongest reply. Die stärkste Antwort.} ({
Other moves are weaker: Andere Züge sind schwächer:} 17... dxe5 $2 18. Nb5 $8
axb5 19. Qd5 f6 20. Bxb5+ Ke7 21. Qxa8 $1 fxg5 22. Rhf1 $16 {White has a very
strong attack, for example Weiß hat sehr starken Angriff, zum Beispiel} h5 23.
Bc4 Be6 24. Bxe6 Nxe6 25. Qa3+ Ke8 26. Qa4+ Ke7 27. Rd5 Nf4 28. Ra5 $18) 18.
exd6 Bxd6 19. Re1+ Kf8 20. Bd3 {This looks logical. White also has other
options: Das sieht logisch aus. Weiß besitzt auch andere Möglichkeiten:} (20.
Bd2 {Prophylaxis against ...Rb4 and ...h6. Prophylaxis gegen ...Rb4 und ...h6.}
Ne6 $1 {Black must exchange queens. otherwise the position can become
dangerous. Schwarz muss die Damen tauschen, sonst kann die Stellung gefährlich
werden.} (20... h5 $2 21. Bd3 $1 (21. Qc3 Ne6 $1 {Black should be able to hold
the position without queens. Ohne Damen muss Schwarz die Stellung halten
können.} 22. Qxc7 (22. Nc6 Rb6 23. Ne5 Qxc3 24. Bxc3 Bxe5 25. Rxe5 f6 26. Re3
Rc6 $132) 22... Bxc7 23. Nc6 Rb6 24. Ne5 Nd4 $11) 21... Nxd3 22. Qxd3 Bd7 23.
Rhf1 Kg8 24. Nf5 $1 Bxf5 25. Rxf5 $40 {This position looks dangerous. Black
has major problems wqith the rook on h8, for example. Diese Stellung sieht
sehr gefährlich aus. Schwarz hat große Probleme mit dem Turm auf h8, zum
Beispiel} Bxh2 26. Re4 $1 Rc8 (26... Qg3 27. Qe2 $1 Qg6 28. Re8+ Rxe8 29. Qxe8+
Kh7 30. Qe4 Kg8 31. Qa8+ Kh7 32. Qf3 Rc8 33. Rxh5+ Kg8 34. Rh8+ $1 Kxh8 35.
Qh3+ Qh7 36. Qxc8+ Qg8 37. Qh3+ $16) (26... Rd8 27. Rd5 Rc8 28. Red4 g6 29. Re4
$1 $16) (26... g6 27. Rd5 Qg3 28. Qf1 Qc7 29. Ba5 Qc6 30. Qd3 $1 $16) 27. g3 $1
Bg1 (27... Qxg3 28. Qd7 $1 Rf8 29. Re8 $18) (27... Bxg3 28. Rd4 $1 g6 29. Rg5
$1 Bf2 30. Rf4 $18) (27... h4 28. Ba5 $1 Qc6 29. Re7 Rf8 (29... f6 30. Rd5 $1
$18) (29... Bxg3 30. Rfxf7 Rh7 31. Bb4 $1 $18 a5 $140 32. Qxh7+ Kxh7 33. Rxg7+
Kh6 34. Bd2+) (29... hxg3 30. Rfxf7 Rh7 31. Qxh7+ Kxh7 32. Rxg7+ Kh8 33. Rh7+
Kg8 34. Reg7+ Kf8 35. Bb4+ $18) 30. Rexf7 $1 Rxf7 31. Qd8+ Kh7 32. Rh5+ Qh6 33.
Rxh6+ gxh6 34. Qd3+ Kg8 35. Qg6+ Rg7 36. Qe6+ Kh7 37. Qf5+ Kg8 38. Bc3 $18) 28.
Bb4 $1 Qd8 29. Rc4 Ra8 30. Qf3 $16) 21. Nxe6+ Bxe6 22. Qxc7 Bxc7 23. Bxa6 h5 $1
24. a4 Kg8 25. Bb5 h4 26. h3 Rh5 $1 $132 {White is slightly better, but Black
must be able to hold the draw. Weiß steht etwas besser, aber Schwarz muss
Remis halten.}) (20. Qc3 {This move does not promise White anything. Dieser
Zug verspricht nichts für Weiß.} Na4 $1 21. Qxc7 Bxc7 22. Bd2 Bf4 23. Ba5 Bc7
$11) 20... h6 $4 {The decisive mistake. Der entscheidende Fehler.} ({The only
move is Einziger Zug ist} 20... Rb4 $1 21. Qc3 $1 ({After Nach} 21. Qxb4 Nxd3
22. Qd2 Nxe1 23. Rxe1 h6 {Black has no problems. hat Schwarz keine Probleme.})
21... f6 $1 {Once more, the only move wieder der einzige Zug} (21... h6 $2 {
does not work here funktioniert hier nicht} 22. Bd2 $1 Nxd3 23. Qxd3 Ra4 24.
Re4 $1 Bd7 25. Rhe1 $40) 22. Qxb4 {White must take the rook, or else...Na4
will follow Weiß muss den Turm nehmen sonst folgt ...Na4} Nxd3 23. Qb3 Nxe1 24.
Rxe1 fxg5 {and here one forced line goes: und hier geht ein forcierte Variante:
} 25. Qf3+ Bf4 26. g3 g6 $8 27. Nc6 $1 Bd7 $1 28. Qc3 Be5 $8 29. Qxe5 Qxe5 30.
Nxe5 Bf5 31. Kxb2 Kg7 32. c4 h5 {Black should have a draw here. Schwarz sollte
hier ein Remis haben.}) {Now there is a beautiful combination:  Jetzt geht
eine schöne Kombination:} 21. Bd8 $3 Qxd8 22. Rhf1 Rb7 (22... f6 23. Nc6 $18)
23. Bg6 f6 ({After Nach} 23... Qd7 {I calculated this variation: habe ich
diese Variante gerechnet:} 24. Bxf7 Qxf7 25. Qd5 $1 Qxf1 26. Rxf1+ Ke7 27. Qf7+
Kd8 28. Nc6#) 24. Qd5 $4 {A blunder. I still had some 10 minutes left and was
getting nervous. I was only reckoning on two moves: Qd5 and Nc6. Ein grober
Fehler. Ich besaß hier noch etwa 10 Minuten und wurde nervös. Ich habe nur an
den zwei Zügen Qd5 und Nc6 gerechnet.} ({Of course, after Natürlich nach} 24.
Re3 $1 $18 {Black can resign straight away. kann Schwarz sofort aufgeben.})
24... Re7 $8 {Now the game starts afresh.  Jetzt beginnt die Partie erneut.}
25. Nc6 Bb7 26. Qxc5 Bxc5 27. Nxd8 Bd5 28. Rd1 Be4 $1 29. Nf7 Rxf7 $4 {My
opponent gives me a second chance. Mein Gegner gibt mir eine zweite Chance.} ({
After Nach} 29... Bxg6 $1 30. Nxh8 Be8 $1 31. Rd8 Re4 $1 32. Ng6+ Kf7 33. Nf4
Bb5 34. Nd3 Ba3 $44 {Black has sufficient compensation for the exchange and
good drawing chances. besitzt Schwarz genügend Kompensation für die Qualität
und gute Remischancen.}) 30. Rfe1 $1 {My opponent had overlooked this move.
Now White wins very easily. Diesen Zug hat mein Gegner übersehen. Jetzt
gewinnt Weiß sehr leicht.} Bxc2+ 31. Kxc2 Kg8 32. Rd8+ Rf8 (32... Bf8 33. Re6
a5 34. Bxf7+ Kxf7 35. Ra6 $18) 33. Rxf8+ Bxf8 34. g4 $1 {Black has no moves,
so my opponent resigned. Schwarz hat keine Züge, deswegen gab mein Gegner auf.}
1-0

[Event "Haninge"]
[Site "Haninge"]
[Date "1989.??.??"]
[Round "?"]
[White "Hellers, Ferdinand"]
[Black "Polugaevsky, Lev"]
[Result "1-0"]
[WhiteElo "2565"]
[BlackElo "2575"]
[Annotator "Wedberg,T"]
[PlyCount "51"]
[EventDate "1989.??.??"]
[EventType "tourn"]
[EventRounds "11"]
[EventCountry "SWE"]
[EventCategory "13"]
[SourceTitle "CBM 013"]
[Source "ChessBase"]
[SourceDate "1989.12.01"]
[SourceVersion "1"]
[SourceVersionDate "1989.12.01"]
[SourceQuality "1"]

1. e4 {Ftacnik} c5 2. Nf3 d6 3. d4 cxd4 4. Nxd4 Nf6 5. Nc3 a6 6. Bg5 e6 7. f4
b5 {Polugaevsky is faithful to his old love, but against the tactician Hellers
this is extremely dangerous.} 8. e5 dxe5 9. fxe5 Qc7 10. exf6 Qe5+ 11. Be2 Qxg5
12. Qd3 Qxf6 13. Rf1 Qe5 14. Rd1 Ra7 {This remarkable R-move is the backbone
of the variation.} 15. Nf3 Qc7 16. Ng5 f5 17. Qd4 Qe7 {The originator of this
move, Julian Hodgson, is reported to have been very proud the first time
Polugaevsky played his move. The alternative is 17.-h5.} 18. Bh5+ {This has
been suggested but never tried before.} (18. Nge4 {Ftacnik} h5 19. Nd6+ Qxd6
20. Qxa7 Qxh2 {Van der Wiel-Hodgson, Ostende 1983; 21.Rd3!+/-;>= 20...Qe5; Van
der Wiel}) 18... g6 19. Qxh8 Qxg5 {At this point Polugaevsky came up to me and
said: 'I've lost the exchange, but I have good compensation!' Then he showed
his fist to underline what he meant.} 20. Bf3 Nd7 (20... Rg7 $5 $13) (20... Rg7
{Ftacnik} 21. Rf2 b4 22. Ne2 Nd7 23. Nd4 Nf6 24. Nc6 Bd7 (24... Rg8 25. Rd8+
Kf7 26. Ne5+ Ke7 27. Nc6+ $10) 25. Re2 Rg8 26. Rxe6+ Bxe6 (26... Be7 $2 27.
Rxe7+ Kf8 28. Rdxd7 {/\ Rd8}) 27. Rd8+ Kf7 28. Ne5+ $10 {Hellers}) 21. Rf2 (21.
Qxh7 $5 $14) (21. Qxh7 {Ftacnik} Qe3+ 22. Ne2 (22. Be2 Ne5 23. Qh3 Qxh3 24.
gxh3 Rh7 $44) 22... Ne5 23. Qh3 (23. Qg8 Rc7 $132) 23... Bh6 $44) 21... Qh6 $2
{Polu couldn't explain this move after the game. It looks strange and does
nothing. Hellers answer is nice - perhaps Polu missed it.} (21... Nf6 $1 22.
Bc6+ (22. Rd8+ Kxd8 23. Qxf8+ Ne8 $1 $17) 22... Kf7 (22... Bd7 $2 23. Bxd7+
Rxd7 24. Rxd7 Nxd7 25. Qxh7 $18) (22... Ke7 $2 23. Rd8 Kxd8 (23... Qe3+ 24. Ne2
Kxd8 25. Qxf8+ Kc7 26. Qxf6 (26. Rf3 Qe5 $8 27. Rc3 Kb8 (27... b4 28. Bb7+ bxc3
29. Qxc8+ Kb6 30. Qc6+ Ka5 31. b4+ Kxb4 32. Qb6+ $18) 28. Bxb5 Rc7 29. Bxa6 Nd7
(29... Rxc3 30. bxc3 $18) 30. Qb4+ Bb7 31. Bxb7 Rxb7 32. Qe7 $18) 26... Kxc6
27. Rf3 Qb6 28. Rc3+ Kb7 $13) 24. Qxf8+ Kc7 25. Qc5 $18) 23. Rd8 Qe3+ (23...
Bh6 $1 {Ftacnik} 24. Rxc8 (24. Re2 Bb7 25. Be8+ (25. Bxb7 Bg7 $1) 25... Ke7 26.
Rb8 Qc1+ 27. Nd1 Be4 $13) (24. Rfd2 Rc7) 24... Qe3+ 25. Kf1 Qc1+ 26. Ke2 Qd2+
$10) (23... Bg7 24. Be8+ Ke7 25. Qxg7+ Kxd8 26. Qxa7) (23... Bc5 24. Rxc8 Bxf2+
(24... Qe3+ 25. Re2 Qg1+ 26. Kd2 Qd4+ 27. Kc1 Qf4+ 28. Rd2 $18) 25. Kxf2 Ng4+ (
25... Qd2+ 26. Kf3) (25... Qf4+ 26. Ke2 Qe5+ 27. Kf1 Qf4+ 28. Bf3 $18) 26. Ke1
$8 Qe3+ 27. Ne2 Qf2+ 28. Kd2 Qe3+ 29. Kd1 Nf2+ 30. Ke1 $18) 24. Kf1 (24. Re2
Qg1+ 25. Kd2 Bg7 26. Be8+ Ke7 27. Qxg7+ Kxd8 28. Qxf6+ Kxe8 29. Qh8+ Kd7 30.
Qxh7+ Kc6 31. Qxg6 Rd7+ $19) (24. Ne2 Bg7 (24... Bh6 25. Rf3) 25. Be8+ Ke7 26.
Qxg7+ Kxd8 27. Qxf6+ Kxe8 28. Qh8+ Kd7 29. Rf3 Qc5 30. Rd3+ Ke7 31. Rc3 $18)
24... Bg7 25. Be8+ Ke7 26. Qxg7+ Kxd8 27. Qxf6+ Kxe8 28. Re2 Qc1+ 29. Kf2 $13)
(21... Nb6 {Ftacnik} 22. Qd4) (21... Nc5 {Ftacnik} 22. Qe5 {/\ Qb8}) 22. Rd6 $1
Nb6 {This tricky move - 23.Rxb6?? Qe3+ - solves nothing.} (22... Kf7 23. Rxe6
$1 Kxe6 24. Re2+ Kd6 (24... Kf7 25. Bd5#) 25. Qd4+ $18 (25. Qd4+ {Ftacnik} Kc7
26. Qxa7+ Kd8 27. Qe3 $18)) (22... Qe3+ {Ftacnik} 23. Kf1 Nc5 (23... Kf7 24.
Rxe6 $1 $18) 24. Re2 Qh6 25. Rc6 $18) 23. Re2 {This manouvre: Rf2-e2, was
Hellers basic preparation for the game.} Nc4 24. Qf6 $3 {Bingo!} Be7 (24...
Nxd6 25. Bc6+ Bd7 26. Rxe6+ Be7 27. Qxe7#) 25. Bc6+ Bd7 26. Rdxe6 {[Tom
Wedberg]} 1-0

[Event "Moscow Aeroflot op-A"]
[Site "Moscow"]
[Date "2006.02.15"]
[Round "8"]
[White "Azarov, Sergei Nikolaevich"]
[Black "Kuzubov, Yuriy"]
[Result "0-1"]
[WhiteElo "2581"]
[BlackElo "2544"]
[Annotator "Wells,P"]
[PlyCount "80"]
[EventDate "2006.02.08"]
[EventType "swiss"]
[EventRounds "9"]
[EventCountry "RUS"]
[SourceTitle "CBM 112"]
[Source "ChessBase"]
[SourceDate "2006.06.07"]
[SourceVersion "1"]
[SourceVersionDate "2006.06.07"]
[SourceQuality "1"]

1. e4 c5 2. Nf3 d6 3. d4 cxd4 4. Nxd4 Nf6 5. Nc3 a6 6. Bg5 e6 7. f4 Nbd7 8. Qf3
Qc7 9. O-O-O b5 10. Bd3 Bb7 11. Rhe1 Qb6 12. Nb3 b4 13. Ne2 Be7 14. Kb1 Rc8 15.
Ned4 Nc5 16. Qe3 O-O 17. Nxc5 Qxc5 18. Qh3 g6 19. Nb3 Qc7 20. Qh4 Kg7 $1 21.
Bh6+ Kg8 22. Bg5 Kg7 23. Bh6+ Kg8 24. Bxf8 Rxf8 $132 {[%csl Ge7][%cal Ga6a4]
As I said in the column, the idea that the unrelenting slide which White
suffers from here on is necessary seems to stretch credulity. On the other
hand, it is difficult to find either a satisfactory plan to attack the black
king, or a route to try and simplify the position. In the absence of these,
Black's queenside attack has every chance to hit home and the dark-squared
bishop is a great piece for supporting this.} 25. Qf2 (25. Qh3 a5 26. Nd4 a4
27. e5 dxe5 28. fxe5 Nd5 $13) 25... a5 26. Nd4 Qc5 27. e5 Nd5 28. Be4 a4 29.
Bxd5 $6 Bxd5 30. Qd2 Rd8 31. exd6 Rxd6 32. Qe2 Bf6 $17 {[%cal Gf6b2,Gd5a2,
Ga4a3][%mdl 2048]} 33. Nf3 a3 34. Ne5 axb2 35. Rd3 Qa5 36. Kxb2 Bc4 37. Kc1
Bxd3 38. cxd3 b3 39. axb3 Qc3+ 40. Kb1 Ra6 0-1

[Event "Saint Louis Spring-A"]
[Site "Saint Louis"]
[Date "2019.03.09"]
[Round "8"]
[White "Kasimdzhanov, Rustam"]
[Black "Xiong, Jeffery"]
[Result "1/2-1/2"]
[WhiteElo "2663"]
[BlackElo "2663"]
[Annotator "Yermolinsky,A"]
[PlyCount "112"]
[EventDate "2019.03.02"]
[EventType "tourn"]
[EventRounds "9"]
[EventCountry "USA"]
[EventCategory "17"]
[SourceTitle "CBM 189"]
[Source "ChessBase"]
[SourceDate "2019.04.29"]
[SourceVersion "1"]
[SourceVersionDate "2019.04.29"]
[SourceQuality "1"]

1. e4 c5 2. Nf3 d6 3. d4 cxd4 4. Nxd4 Nf6 5. Nc3 a6 6. Bg5 e6 7. f4 h6 8. Bh4
Qb6 9. a3 Nbd7 {[#]} 10. f5 $5 {A novelty in a topical line. Shouldn't it have
been reserved for Rustam's pupil to use?} e5 ({One would think} 10... exf5 {
had to be the move, based on} 11. Nxf5 $2 Qxb2) 11. Nb3 Qc7 12. Qf3 {White
looks better here.} b5 13. O-O-O Bb7 14. g4 Rc8 15. Bd3 Qb8 {In search of
counterplay Jeffery looks to sacrifice the exchange.} 16. Be1 $1 {No go.} Nc5
17. Nxc5 dxc5 {[#] This pawn structure change is almost always favorable for
White.} 18. h4 b4 $1 ({The other option was to try to attack the e4-pawn:} 
18... c4 19. Be2 b4 20. axb4 Bxb4 {but things work out White's way after} 21.
g5 $1 Bxc3 22. Bxc3 Nxe4 (22... Bxe4 23. Qe3 hxg5 24. hxg5 Rxh1 25. gxf6 Rxd1+
26. Bxd1 gxf6 27. Qxe4 $16) 23. f6 $1 gxf6 24. Bb4 Bc6 25. Ba3 {The black
king's life is in mortal danger.}) 19. axb4 cxb4 20. Ne2 Qc7 21. Ng3 {[#]} ({
Safer was} 21. Kb1 {a move White often finds time for in sharpest lines of the
Sicilian.}) 21... Nd7 ({Perhaps, it was worth looking at} 21... b3 22. Bc3 Ba3)
22. b3 ({Also good was} 22. Nh5 Rg8 23. Rh2 Nc5 24. g5) 22... Bc5 23. f6 $1 {
A very nice idea.} g6 (23... Nxf6 24. g5 {is murder.}) 24. h5 Qa5 {[#]} 25. Kd2
{Kasimdzhanov's lack of practice begins to tell. It was the wrong time to play
it safe.} ({Black had no threats at all, so} 25. hxg6 fxg6 26. g5 h5 27. Nxh5
gxh5 28. g6 {would move in for the kill.}) 25... g5 26. Nf5 Rc6 27. Ke2 Rxf6
28. Rf1 {What we have here is a heavy positional battle in looming time
trouble.} Kd8 $2 ({Wouldn't the king be safe where it belongs?} 28... O-O) 29.
Bc4 Kc8 30. Bg3 Qc7 31. Bd5 {Slowly White begins to take command.} Re8 32. c4
$1 bxc3 33. Qxc3 Bc6 34. Rc1 Bb5+ 35. Bc4 Qb7 36. Qd3 Kb8 37. Bxb5 axb5 (37...
Qxb5 38. Qxb5+ axb5 39. Rfd1 $18) 38. Rfd1 Ba3 {[#]} 39. Ra1 $2 {A terrible
time trouble error. Rustam wanted to augment his attack by taking control of
the a-file.} ({Instead, staying on the c-file,} 39. Rc2 {would prove to be
decisive:} Nc5 40. Qd5 Nxe4 41. Bxe5+ Ka8 (41... Nd6 42. Kf2) 42. Qxb7+ Kxb7
43. Bxf6 Nxf6+ 44. Kf3 {etc.}) 39... Nc5 40. Qd5 Nxe4 41. Bxe5+ Nd6 $1 {[#]}
42. Rxa3 {After a long, sobering think Kasimdzhanov accepted the inevitable.} (
42. Kf2 Rxe5 43. Qxe5 Bc5+ $1 {The move that would have been impossible with
the white rook on c2 now turns the tables completely.} 44. Kg3 Re6 45. Qh8+ Re8
) 42... Rxe5+ 43. Qxe5 Re6 44. Qxe6 {Nothing else to be done, but the white
king is too open to contain the opponent's queen.} Qg2+ 45. Kd3 fxe6 46. Nxd6
Qf3+ 47. Kc2 b4 $1 {Sealing the cage. Draw is unavoidable.} 48. Ra5 Qc3+ 49.
Kb1 Qxb3+ 50. Kc1 Qc3+ 51. Kb1 b3 52. Rb5+ Ka8 53. Rc1 Qd3+ 54. Ka1 Qd4+ 55.
Kb1 Qd3+ 56. Ka1 Qd4+ 1/2-1/2